Paramore - All We Know Lyrics - Statistics

General Stats
  • This quiz has been taken 6 times
  • The average score is 113 of 145
Answer Stats
Answer % Correct
all
100%
and
100%
I
100%
is
100%
know
100%
that
100%
this
100%
This
100%
we
100%
what
100%
but
80%
Cause
80%
cause
80%
falling
80%
falls
80%
for
80%
go
80%
isn't
80%
It
80%
it
80%
just
80%
never
80%
said
80%
so
80%
the
80%
to
80%
wanted
80%
won't
80%
you
80%
You
80%
alone
60%
at
60%
back
60%
be
60%
can't
60%
could
60%
follow
60%
forget
60%
home
60%
in
60%
let
60%
remember
60%
shows
60%
some
60%
takes
60%
time
60%
was
60%
wasn't
60%
We've
60%
away
40%
hands
40%
hard
40%
held
40%
Now
40%
our
40%
out
40%
ran
40%
tried
40%
understand
40%
world
40%
had
20%
waited
20%
No matching quizzes found
Score Distribution
Percent of People with Each Score
Percentile by Number Answered
Your Score History
You have not taken this quiz